Регионална библиотека "Любен Каравелов" - Русе

Животен магнетизъм в человека (Запис номер 127440)

MARC детайли
000 -Лидер
Контролно поле с фиксирана дължина nam a22 a 4500
003 - Код на организацията, давaща контролен номер
Контролно поле BLK
005 - Дата и час на последна редакция
Контролно поле 20201013133110.0
008 - Елементи от данни с фиксирана дължина
fixed length control field 180409b bul|||||r ||||||| ||bul||
010 ## - Наследен системен номер
LC control number KNG00133142000
040 ## - Източник на каталожния запис
Идентификатор на билиотеката - собственик на записа BLK
041 ## - Код за език
Код за езика на текст/звукозапис или на отделно заглавие Български
Код за езика КДБФ Български
072 #7 - Код за тематичната категория
Код организация bullib
Код за тематична категория Ц
Текст Редки и ценни
080 ## - УДК
Текстов определител УДК Електрофизиология. Действие на електричеството - Електрически явления в организма. Биопотенциали. Биотокове. Въздействие на статичното, атмосферното и динамичното електричество, на магнетизма.
УДК код - определител по УДК 612.014.42
УДК - код + определител 612.014.42
100 1# - Редна дума - Автор
Автор Бине, Алфред
Авторска отговорност първи автор
R(LIN) 39137
139 ## - Редно поле
Редна дума Бине, Алфред и др.
Авторски знак Би - Б 44
245 10 - Сведения за заглавието
Заглавие Животен магнетизъм в человека
Редно поле (дума) Алфред Бине; съавт. Шарл Фере; прев. от фр. К. Б.; * Кирил Димитров Бербенко; * A. Binet; * Ch. Fere.
257 ## - Страна на издаване
Страна на създаване/издаване Франция
260 ## - Област на издателските данни
Година на издаване 1896
Печатница София : печ. Напредък
Място на издаване, разпространение и проч. София
300 ## - Физическа характеристика
Страници VII, 336 с.
Илюстрации и др. с диагр.
Размери/Мащаб 24 см
380 ## - Жанр
Жанр Медицина
490 ## - СЕРИИ (Колекции)
9 (RLIN) 435080
Име на серия Колекция Редки и ценни издания
500 ## - Общи забележки
Забележка Пълното име на прев. Кирил Димитров Бербенко. - В кн. авт. означен A. Binet и Ch. Fere. - Библиогр. под линия.
650 #4 - Допълнително описание по предмет – тема
Основно описание – тема или топоним Магнетизъм - същност и влияние върху здравето на човека
9 (RLIN) 306910
650 #4 - Допълнително описание по предмет – тема
Основно описание – тема или топоним Електрофизиология
9 (RLIN) 154814
653 ## - Ключова дума – ненормативна
Ключова дума магнетизъм
653 ## - Ключова дума – ненормативна
Ключова дума хипноза
653 ## - Ключова дума – ненормативна
Ключова дума електрофизиология
659 ## - Тематичен бюлетин
Тематичен бюлетин Ц
700 1# - Други автори (авторска отговорност)
Лично име Фере, Шарл
Автороска отговорност (Описва отношението между автора и произведението) съавт.
9 (RLIN) 320690
700 1# - Други автори (авторска отговорност)
Лично име К. Б.
Автороска отговорност (Описва отношението между автора и произведението) прев. от фр.
Друга информация Бербенко, Кирил Димитров
9 (RLIN) 320691
700 1# - Други автори (авторска отговорност)
Лично име Бербенко, Кирил Димитров
Автороска отговорност (Описва отношението между автора и произведението) *
9 (RLIN) 377775
700 1# - Други автори (авторска отговорност)
Лично име Binet, A.
Автороска отговорност (Описва отношението между автора и произведението) *
9 (RLIN) 320692
700 1# - Други автори (авторска отговорност)
Лично име Fere, Ch.
Автороска отговорност (Описва отношението между автора и произведението) *
9 (RLIN) 9914
852 ## - Местоположение
Форматна сигнатура Рб 896
Фондова буква Редки и ценни
856 4# - Електронен адрес и достъп
Електронен формат pdf - файл
856 4# - Електронен адрес и достъп
Електронен формат pdf - файл
999 ## - СИСТЕМНИ КОНТРОЛНИ НОМЕРА
Koha biblionumber 127440
Koha biblioitemnumber 127440
942 ## - АРТИКУЛИ
Вид на библиотечния материал Книги
Скрит в OPAC Не
Периодичен библиозапис Да
944 ## - СЪЗДАВАНЕ И РЕДАКЦИЯ на ЗАПИСА
Създаване/Редакция Създаване
Дата на регистрацията/редакция 24.08.2012
Статус, дата на статуса ф / 24.08.2012
Служител, извършил регистрацията/редакцията Людмила_Стоянова
944 ## - СЪЗДАВАНЕ И РЕДАКЦИЯ на ЗАПИСА
Създаване/Редакция Редакция
Дата на регистрацията/редакция 20.11.2013
Статус, дата на статуса ф / 24.08.2012
999 ## - СИСТЕМНИ КОНТРОЛНИ НОМЕРА
Koha biblioitemnumber 127440
Наличности
Код за отписване Код за изгубен артикул Източник на класификационната схема Код за повреда Коз за рестрикции Код за отдаване Артикулен № Име на библиотеката - собственик Име на библиотеката, в която се намира в момента Статус (Текущо местоположение) Дата на вписване в системата Местоположение - отдел Цена в лева Инвентарен номер Систематично азбучна сигнатура Баркод Номер на екземпляра Цена в евро Служебна бележка Служебен тип на артикула
  Не е изгубен Universal Decimal Classification Не е повреден само за читалня Специални фондове ( старопечатни, редки и ценни, фонд М. Арнаудов) 207300 Регионална библиотека "Любен Каравелов" Русе Регионална библиотека "Любен Каравелов" Русе Редки и ценни 1896-01-01 Редки и ценни 0.66 9345/58 Рб 896 900000021170 1 0.34 N: стар фонд Дата: 01.01.1896 Дата инв: 15.12.2016 Бележки инв: Рц2016 Книги
Vip Innovations Ltd, Rousse, Bulgaria 2025